[Event "DEM U18 2024"]
[Site "Willingen GER"]
[Date "2024.05.21"]
[Round "4"]
[White "Vortmeier, Jan"]
[Black "Heinrich, John"]
[Result "1/2-1/2"]
[Termination "normal"]
[Board "4"]
[WhiteElo "2082"]
[BlackElo "2277"]
[WhiteClock "00:28:58"]
[BlackClock "00:17:19"]
[PlyCount "100"]
[WhiteFideId "16261321"]
[BlackFideId "16259491"]
[EventCountry "GER"]
[EventRounds "9"]
[EventType "swiss"]
[EventDate "2024.05.18"]

1. Nf3 {[%clk 01:30:57]} {[%emt 00:00:02]} d5 {[%clk 01:30:55]} {[%emt
00:00:06]} 2. g3 {[%clk 01:31:02]} {[%emt 00:00:25]} b6 {[%clk 01:31:19]}
{[%emt 00:00:06]} 3. Bg2 {[%clk 01:31:13]} {[%emt 00:00:19]} Bb7 {[%clk
01:31:36]} {[%emt 00:00:13]} 4. O-O {[%clk 01:31:20]} {[%emt 00:00:22]} e6
{[%clk 01:31:55]} {[%emt 00:00:11]} 5. d3 {[%clk 01:31:30]} {[%emt 00:00:21]}
Nf6 {[%clk 01:31:44]} {[%emt 00:00:41]} 6. Nbd2 {[%clk 01:31:36]} {[%emt
00:00:24]} Nbd7 {[%clk 01:31:51]} {[%emt 00:00:23]} 7. e4 {[%clk 01:20:22]}
{[%emt 00:11:43]} dxe4 {[%clk 01:31:21]} {[%emt 00:01:01]} 8. Ng5 {[%clk
01:17:53]} {[%emt 00:02:59]} Be7 {[%clk 01:31:17]} {[%emt 00:00:34]} 9. Ngxe4
{[%clk 01:16:45]} {[%emt 00:01:38]} Qc8 {[%clk 01:28:31]} {[%emt 00:03:17]} 10.
Re1 {[%clk 01:10:01]} {[%emt 00:07:13]} O-O {[%clk 01:28:19]} {[%emt 00:00:42]}
11. h4 {[%clk 01:03:50]} {[%emt 00:06:41]} Nd5 {[%clk 01:25:46]} {[%emt
00:03:03]} 12. Nf3 {[%clk 00:49:57]} {[%emt 00:14:23]} h6 {[%clk 01:23:35]}
{[%emt 00:02:41]} 13. c4 {[%clk 00:43:13]} {[%emt 00:07:14]} N5f6 {[%clk
01:22:55]} {[%emt 00:01:09]} 14. Bf4 {[%clk 00:41:45]} {[%emt 00:01:59]} Nxe4
{[%clk 01:14:17]} {[%emt 00:09:08]} 15. dxe4 {[%clk 00:42:09]} {[%emt
00:00:06]} Nc5 {[%clk 01:12:37]} {[%emt 00:02:10]} 16. Ne5 {[%clk 00:36:51]}
{[%emt 00:05:48]} Bd6 {[%clk 01:06:37]} {[%emt 00:06:30]} 17. b4 {[%clk
00:28:12]} {[%emt 00:09:09]} Na6 {[%clk 01:05:04]} {[%emt 00:02:03]} 18. a3
{[%clk 00:27:39]} {[%emt 00:01:03]} Bxe5 {[%clk 01:03:27]} {[%emt 00:02:06]}
19. Bxe5 {[%clk 00:28:04]} {[%emt 00:00:05]} f6 {[%clk 01:03:52]} {[%emt
00:00:06]} 20. Bc3 {[%clk 00:26:11]} {[%emt 00:02:23]} e5 {[%clk 01:01:24]}
{[%emt 00:02:58]} 21. Kh2 {[%clk 00:24:56]} {[%emt 00:01:45]} Qe6 {[%clk
00:58:42]} {[%emt 00:03:12]} 22. Qe2 {[%clk 00:24:38]} {[%emt 00:00:48]} c5
{[%clk 00:58:15]} {[%emt 00:00:56]} 23. Bh3 {[%clk 00:20:05]} {[%emt 00:05:04]}
Qe7 {[%clk 00:58:34]} {[%emt 00:00:12]} 24. b5 {[%clk 00:13:26]} {[%emt
00:07:08]} Nc7 {[%clk 00:58:46]} {[%emt 00:00:17]} 25. Rad1 {[%clk 00:10:03]}
{[%emt 00:03:54]} Rad8 {[%clk 00:44:10]} {[%emt 00:15:06]} 26. Bf5 {[%clk
00:09:08]} {[%emt 00:01:24]} Bc8 {[%clk 00:41:15]} {[%emt 00:03:25]} 27. Qg4
{[%clk 00:08:50]} {[%emt 00:00:49]} Bxf5 {[%clk 00:39:01]} {[%emt 00:02:44]}
28. exf5 {[%clk 00:09:14]} {[%emt 00:00:05]} Qf7 {[%clk 00:27:13]} {[%emt
00:12:19]} 29. Qe4 {[%clk 00:07:37]} {[%emt 00:02:07]} h5 {[%clk 00:21:23]}
{[%emt 00:06:20]} 30. Rd3 {[%clk 00:04:39]} {[%emt 00:03:28]} a6 {[%clk
00:19:56]} {[%emt 00:01:57]} 31. bxa6 {[%clk 00:04:00]} {[%emt 00:01:09]} Nxa6
{[%clk 00:18:09]} {[%emt 00:02:16]} 32. Rb1 {[%clk 00:04:01]} {[%emt 00:00:29]}
Rd4 {[%clk 00:17:57]} {[%emt 00:00:43]} 33. Bxd4 {[%clk 00:03:26]} {[%emt
00:01:05]} cxd4 {[%clk 00:18:25]} {[%emt 00:00:01]} 34. Qd5 {[%clk 00:02:08]}
{[%emt 00:01:48]} Qxd5 {[%clk 00:14:38]} {[%emt 00:04:18]} 35. cxd5 {[%clk
00:02:34]} {[%emt 00:00:04]} Nc5 {[%clk 00:14:55]} {[%emt 00:00:12]} 36. Rdd1
{[%clk 00:02:48]} {[%emt 00:00:16]} Rb8 {[%clk 00:13:21]} {[%emt 00:02:05]} 37.
Rdc1 {[%clk 00:02:35]} {[%emt 00:00:43]} Ne4 {[%clk 00:12:24]} {[%emt
00:01:26]} 38. Kg2 {[%clk 00:02:03]} {[%emt 00:01:02]} Nc3 {[%clk 00:10:37]}
{[%emt 00:02:18]} 39. Rb3 {[%clk 00:00:45]} {[%emt 00:01:48]} Nxd5 {[%clk
00:10:23]} {[%emt 00:00:44]} 40. Kf3 {[%clk 00:01:04]} {[%emt 00:00:11]} Rd8
{[%clk 00:08:06]} {[%emt 00:02:46]} 41. Ke4 {[%clk 00:29:13]} {[%emt 00:02:21]}
Nc3+ {[%clk 00:27:29]} {[%emt 00:11:07]} 42. Rcxc3 {[%clk 00:29:29]} {[%emt
00:00:14]} dxc3 {[%clk 00:27:15]} {[%emt 00:00:45]} 43. Rxc3 {[%clk 00:29:05]}
{[%emt 00:00:54]} Rd4+ {[%clk 00:25:10]} {[%emt 00:02:35]} 44. Ke3 {[%clk
00:29:23]} {[%emt 00:00:12]} Rd6 {[%clk 00:22:33]} {[%emt 00:03:07]} 45. f4
{[%clk 00:28:25]} {[%emt 00:01:27]} exf4+ {[%clk 00:21:49]} {[%emt 00:01:15]}
46. Kxf4 {[%clk 00:28:36]} {[%emt 00:00:19]} Rd4+ {[%clk 00:21:04]} {[%emt
00:01:15]} 47. Ke3 {[%clk 00:28:38]} {[%emt 00:00:27]} Rd5 {[%clk 00:20:55]}
{[%emt 00:00:40]} 48. Ke4 {[%clk 00:28:26]} {[%emt 00:00:42]} Re5+ {[%clk
00:20:44]} {[%emt 00:00:41]} 49. Kf4 {[%clk 00:28:50]} {[%emt 00:00:06]} Ra5
{[%clk 00:18:34]} {[%emt 00:02:40]} 50. Rb3 {[%clk 00:28:58]} {[%emt 00:00:22]}
Ra4+ {[%clk 00:17:19]} {[%emt 00:01:45]} 1/2-1/2

[Event "DEM U18 2024"]
[Site "Willingen GER"]
[Date "2024.05.21"]
[Round "4"]
[White "Chassard, Cedric"]
[Black "Spriestersbach, Kai"]
[Result "1-0"]
[Termination "normal"]
[Board "5"]
[WhiteTitle "FM"]
[WhiteElo "2246"]
[BlackElo "2192"]
[WhiteClock "00:23:26"]
[BlackClock "00:08:15"]
[PlyCount "67"]
[WhiteFideId "16243536"]
[BlackFideId "16269985"]
[EventCountry "GER"]
[EventRounds "9"]
[EventType "swiss"]
[EventDate "2024.05.18"]

1. e4 {[%clk 01:30:55]} {[%emt 00:00:03]} c6 {[%clk 01:30:57]} {[%emt
00:00:04]} 2. d4 {[%clk 01:31:19]} {[%emt 00:00:06]} d5 {[%clk 01:31:25]}
{[%emt 00:00:03]} 3. e5 {[%clk 01:31:44]} {[%emt 00:00:05]} Bf5 {[%clk
01:31:50]} {[%emt 00:00:04]} 4. Nf3 {[%clk 01:32:10]} {[%emt 00:00:04]} e6
{[%clk 01:32:16]} {[%emt 00:00:05]} 5. Be2 {[%clk 01:32:35]} {[%emt 00:00:05]}
Nd7 {[%clk 01:32:24]} {[%emt 00:00:22]} 6. O-O {[%clk 01:32:57]} {[%emt
00:00:08]} a5 {[%clk 01:32:48]} {[%emt 00:00:06]} 7. Re1 {[%clk 01:32:40]}
{[%emt 00:00:46]} a4 {[%clk 01:31:50]} {[%emt 00:01:30]} 8. c3 {[%clk
01:32:58]} {[%emt 00:00:12]} h6 {[%clk 01:25:27]} {[%emt 00:06:51]} 9. Nbd2
{[%clk 01:30:45]} {[%emt 00:02:43]} Ne7 {[%clk 01:17:35]} {[%emt 00:08:22]} 10.
Nf1 {[%clk 01:31:01]} {[%emt 00:00:14]} Bh7 {[%clk 01:12:33]} {[%emt 00:05:32]}
11. Ng3 {[%clk 01:27:23]} {[%emt 00:04:08]} Nf5 {[%clk 01:07:39]} {[%emt
00:05:24]} 12. Bd3 {[%clk 01:16:46]} {[%emt 00:11:08]} Nxg3 {[%clk 01:07:21]}
{[%emt 00:00:48]} 13. Bxh7 {[%clk 01:16:46]} {[%emt 00:00:29]} Rxh7 {[%clk
01:07:46]} {[%emt 00:00:06]} 14. fxg3 {[%clk 01:09:24]} {[%emt 00:07:52]} Nb6
{[%clk 00:51:37]} {[%emt 00:16:38]} 15. Qd3 {[%clk 01:06:46]} {[%emt 00:03:09]}
g6 {[%clk 00:47:47]} {[%emt 00:04:19]} 16. Rf1 {[%clk 01:06:54]} {[%emt
00:00:22]} Be7 {[%clk 00:46:53]} {[%emt 00:01:24]} 17. h4 {[%clk 01:00:35]}
{[%emt 00:06:50]} h5 {[%clk 00:44:08]} {[%emt 00:03:15]} 18. Bg5 {[%clk
00:59:44]} {[%emt 00:01:21]} Nc8 {[%clk 00:44:05]} {[%emt 00:00:32]} 19. Bxe7
{[%clk 00:59:18]} {[%emt 00:00:58]} Nxe7 {[%clk 00:44:20]} {[%emt 00:00:14]}
20. Ng5 {[%clk 00:51:32]} {[%emt 00:08:16]} Rg7 {[%clk 00:44:44]} {[%emt
00:00:05]} 21. Rf4 {[%clk 00:46:28]} {[%emt 00:05:35]} Nf5 {[%clk 00:44:02]}
{[%emt 00:01:11]} 22. Raf1 {[%clk 00:43:29]} {[%emt 00:03:30]} Qb6 {[%clk
00:42:22]} {[%emt 00:02:10]} 23. R1f2 {[%clk 00:32:35]} {[%emt 00:11:24]} Qa6
{[%clk 00:27:25]} {[%emt 00:15:27]} 24. Qf3 {[%clk 00:30:00]} {[%emt 00:03:04]}
a3 {[%clk 00:25:25]} {[%emt 00:02:31]} 25. b3 {[%clk 00:29:51]} {[%emt
00:00:39]} O-O-O {[%clk 00:23:20]} {[%emt 00:02:34]} 26. g4 {[%clk 00:29:13]}
{[%emt 00:01:09]} hxg4 {[%clk 00:23:31]} {[%emt 00:00:19]} 27. Rxg4 {[%clk
00:29:34]} {[%emt 00:00:08]} Rh8 {[%clk 00:20:00]} {[%emt 00:04:00]} 28. Rf4
{[%clk 00:29:01]} {[%emt 00:01:04]} Rh5 {[%clk 00:12:40]} {[%emt 00:07:51]} 29.
g4 {[%clk 00:23:50]} {[%emt 00:05:42]} Nxh4 {[%clk 00:12:55]} {[%emt 00:00:14]}
30. Qg3 {[%clk 00:23:20]} {[%emt 00:00:59]} Nf5 {[%clk 00:08:06]} {[%emt
00:05:19]} 31. Rxf5 {[%clk 00:23:36]} {[%emt 00:00:16]} exf5 {[%clk 00:08:30]}
{[%emt 00:00:05]} 32. gxh5 {[%clk 00:23:59]} {[%emt 00:00:06]} gxh5 {[%clk
00:08:37]} {[%emt 00:00:23]} 33. Qf4 {[%clk 00:23:25]} {[%emt 00:01:04]} Kb8
{[%clk 00:08:15]} {[%emt 00:00:52]} 34. e6+ {[%clk 00:23:26]} {[%emt 00:00:29]}
1-0

[Event "DEM U18 2024"]
[Site "Willingen GER"]
[Date "2024.05.21"]
[Round "4"]
[White "Sidletskyi, Ivan"]
[Black "Bui, Bao Anh Le"]
[Result "1/2-1/2"]
[Termination "normal"]
[Board "6"]
[WhiteTitle "FM"]
[WhiteElo "2346"]
[BlackElo "2150"]
[WhiteClock "00:13:09"]
[BlackClock "00:06:29"]
[PlyCount "145"]
[WhiteFideId "14156024"]
[BlackFideId "12970719"]
[EventCountry "GER"]
[EventRounds "9"]
[EventType "swiss"]
[EventDate "2024.05.18"]

1. c4 {[%clk 01:30:21]} {[%emt 00:00:39]} Nf6 {[%clk 01:29:52]} {[%emt
00:01:08]} 2. Nc3 {[%clk 01:30:39]} {[%emt 00:00:12]} c5 {[%clk 01:28:56]}
{[%emt 00:01:25]} 3. Nf3 {[%clk 01:22:58]} {[%emt 00:08:12]} Nc6 {[%clk
01:27:21]} {[%emt 00:02:04]} 4. e3 {[%clk 01:21:39]} {[%emt 00:01:50]} e6
{[%clk 01:24:42]} {[%emt 00:03:09]} 5. d4 {[%clk 01:20:41]} {[%emt 00:01:28]}
d5 {[%clk 01:24:50]} {[%emt 00:00:22]} 6. dxc5 {[%clk 01:17:37]} {[%emt
00:03:35]} Bxc5 {[%clk 01:22:34]} {[%emt 00:02:45]} 7. a3 {[%clk 01:17:21]}
{[%emt 00:00:47]} dxc4 {[%clk 01:13:27]} {[%emt 00:09:36]} 8. Qxd8+ {[%clk
01:10:28]} {[%emt 00:07:23]} Kxd8 {[%clk 01:09:10]} {[%emt 00:04:47]} 9. Bxc4
{[%clk 01:10:30]} {[%emt 00:00:29]} a6 {[%clk 01:01:04]} {[%emt 00:08:36]} 10.
b4 {[%clk 01:08:54]} {[%emt 00:02:05]} Ba7 {[%clk 00:59:12]} {[%emt 00:02:21]}
11. b5 {[%clk 00:51:45]} {[%emt 00:17:40]} axb5 {[%clk 00:48:34]} {[%emt
00:11:07]} 12. Nxb5 {[%clk 00:51:22]} {[%emt 00:00:54]} Bc5 {[%clk 00:46:26]}
{[%emt 00:02:38]} 13. Bb2 {[%clk 00:46:49]} {[%emt 00:05:03]} Bd7 {[%clk
00:44:38]} {[%emt 00:02:17]} 14. g4 {[%clk 00:42:21]} {[%emt 00:04:59]} h6
{[%clk 00:41:30]} {[%emt 00:03:37]} 15. Rg1 {[%clk 00:41:58]} {[%emt 00:00:53]}
Ne8 {[%clk 00:14:14]} {[%emt 00:27:46]} 16. Rd1 {[%clk 00:35:00]} {[%emt
00:07:29]} Ke7 {[%clk 00:04:45]} {[%emt 00:09:59]} 17. g5 {[%clk 00:32:01]}
{[%emt 00:03:28]} hxg5 {[%clk 00:04:31]} {[%emt 00:00:44]} 18. Rxg5 {[%clk
00:25:48]} {[%emt 00:06:44]} b6 {[%clk 00:04:36]} {[%emt 00:00:24]} 19. Bxg7
{[%clk 00:21:52]} {[%emt 00:04:26]} Nxg7 {[%clk 00:04:42]} {[%emt 00:00:24]}
20. Rxg7 {[%clk 00:22:15]} {[%emt 00:00:07]} Bxa3 {[%clk 00:04:24]} {[%emt
00:00:49]} 21. Ke2 {[%clk 00:06:35]} {[%emt 00:16:11]} Bb2 {[%clk 00:02:48]}
{[%emt 00:02:05]} 22. Rxf7+ {[%clk 00:05:35]} {[%emt 00:01:30]} Kxf7 {[%clk
00:03:12]} {[%emt 00:00:06]} 23. Rxd7+ {[%clk 00:05:57]} {[%emt 00:00:08]} Kf6
{[%clk 00:01:57]} {[%emt 00:01:45]} 24. Rd6 {[%clk 00:05:24]} {[%emt 00:01:03]}
Nd8 {[%clk 00:01:47]} {[%emt 00:00:39]} 25. Rxb6 {[%clk 00:02:02]} {[%emt
00:03:53]} Be5 {[%clk 00:01:43]} {[%emt 00:00:34]} 26. Nxe5 {[%clk 00:00:44]}
{[%emt 00:01:48]} Kxe5 {[%clk 00:02:11]} {[%emt 00:00:02]} 27. Nd4 {[%clk
00:00:58]} {[%emt 00:00:16]} Ra4 {[%clk 00:00:40]} {[%emt 00:02:01]} 28. Bb3
{[%clk 00:00:44]} {[%emt 00:00:44]} Rxd4 {[%clk 00:00:33]} {[%emt 00:00:36]}
29. exd4+ {[%clk 00:00:47]} {[%emt 00:00:28]} Kxd4 {[%clk 00:00:59]} {[%emt
00:00:04]} 30. Rb8 {[%clk 00:00:33]} {[%emt 00:00:45]} Ke5 {[%clk 00:01:20]}
{[%emt 00:00:08]} 31. h4 {[%clk 00:00:36]} Nf7 {[%clk 00:00:43]} {[%emt
00:01:34]} 32. Rb5+ {[%clk 00:00:38]} Kf6 {[%clk 00:01:03]} {[%emt 00:00:38]}
33. Rb6 Rxh4 {[%clk 00:01:17]} 34. Rxe6+ {[%clk 00:01:12]} {[%emt 00:00:07]}
Kf5 {[%clk 00:01:14]} {[%emt 00:00:32]} 35. Re8 {[%clk 00:00:45]} {[%emt
00:00:57]} Nd6 {[%clk 00:01:18]} {[%emt 00:00:26]} 36. Bc2+ {[%clk 00:00:36]}
{[%emt 00:00:39]} Kf6 {[%clk 00:01:24]} {[%emt 00:00:23]} 37. Re3 {[%clk
00:00:41]} {[%emt 00:00:26]} Rf4 {[%clk 00:01:26]} {[%emt 00:00:28]} 38. Ra3
{[%clk 00:00:40]} {[%emt 00:00:32]} Rc4 {[%clk 00:01:06]} {[%emt 00:00:48]} 39.
Bd3 {[%clk 00:00:53]} {[%emt 00:00:19]} Rc6 {[%clk 00:00:38]} {[%emt 00:00:58]}
40. Ra4 {[%clk 00:01:02]} {[%emt 00:00:21]} Rb6 {[%clk 00:00:43]} {[%emt
00:00:25]} 41. Rg4 {[%clk 00:29:29]} {[%emt 00:02:02]} Rb8 {[%clk 00:28:24]}
{[%emt 00:02:48]} 42. Rg6+ {[%clk 00:29:24]} {[%emt 00:00:36]} Ke7 {[%clk
00:28:29]} {[%emt 00:00:26]} 43. f4 {[%clk 00:29:26]} {[%emt 00:00:27]} Rf8
{[%clk 00:28:06]} {[%emt 00:00:53]} 44. Kf3 {[%clk 00:29:20]} {[%emt 00:00:37]}
Nf7 {[%clk 00:25:24]} {[%emt 00:03:10]} 45. Kg3 {[%clk 00:27:08]} {[%emt
00:02:43]} Rc8 {[%clk 00:23:51]} {[%emt 00:02:02]} 46. Be4 {[%clk 00:26:46]}
{[%emt 00:00:54]} Rc3+ {[%clk 00:23:46]} {[%emt 00:00:35]} 47. Bf3 {[%clk
00:25:08]} {[%emt 00:02:08]} Rd3 {[%clk 00:23:14]} {[%emt 00:01:01]} 48. Ra6
{[%clk 00:24:25]} {[%emt 00:01:13]} Rd6 {[%clk 00:21:28]} {[%emt 00:02:17]} 49.
Ra5 {[%clk 00:23:55]} {[%emt 00:01:00]} Kf6 {[%clk 00:21:33]} {[%emt 00:00:24]}
50. Be4 {[%clk 00:24:00]} {[%emt 00:00:25]} Rd1 {[%clk 00:18:14]} {[%emt
00:03:49]} 51. Bc2 {[%clk 00:22:35]} {[%emt 00:01:55]} Rd2 {[%clk 00:16:52]}
{[%emt 00:01:52]} 52. Rf5+ {[%clk 00:22:14]} {[%emt 00:00:51]} Ke6 {[%clk
00:15:57]} {[%emt 00:01:25]} 53. Rc5 {[%clk 00:22:38]} {[%emt 00:00:06]} Kf6
{[%clk 00:14:30]} {[%emt 00:01:57]} 54. Rc6+ {[%clk 00:21:41]} {[%emt
00:01:27]} Rd6 {[%clk 00:14:50]} {[%emt 00:00:11]} 55. Rc7 {[%clk 00:21:22]}
{[%emt 00:00:48]} Nd8 {[%clk 00:11:28]} {[%emt 00:03:52]} 56. Be4 {[%clk
00:20:28]} {[%emt 00:01:25]} Rd4 {[%clk 00:09:39]} {[%emt 00:02:16]} 57. Kf3
{[%clk 00:17:34]} {[%emt 00:03:26]} Rd1 {[%clk 00:09:46]} {[%emt 00:00:23]} 58.
Ke2 {[%clk 00:15:33]} {[%emt 00:02:31]} Rd6 {[%clk 00:07:47]} {[%emt 00:02:29]}
59. Ke3 {[%clk 00:15:45]} {[%emt 00:00:17]} Nf7 {[%clk 00:05:48]} {[%emt
00:02:30]} 60. Rc1 {[%clk 00:14:29]} {[%emt 00:01:47]} Re6 {[%clk 00:05:08]}
{[%emt 00:01:10]} 61. f5 {[%clk 00:12:05]} {[%emt 00:02:54]} Ra6 {[%clk
00:04:55]} {[%emt 00:00:41]} 62. Kf4 {[%clk 00:11:28]} {[%emt 00:01:09]} Nd6
{[%clk 00:03:31]} {[%emt 00:01:53]} 63. Rh1 {[%clk 00:10:49]} {[%emt 00:01:09]}
Ra4 {[%clk 00:03:10]} {[%emt 00:00:52]} 64. Rh6+ {[%clk 00:11:01]} {[%emt
00:00:17]} Ke7 {[%clk 00:03:33]} {[%emt 00:00:06]} 65. Re6+ {[%clk 00:10:56]}
{[%emt 00:00:36]} Kd7 {[%clk 00:03:57]} {[%emt 00:00:06]} 66. Kf3 {[%clk
00:10:45]} {[%emt 00:00:42]} Rxe4 {[%clk 00:03:59]} {[%emt 00:00:28]} 67. Rxd6+
{[%clk 00:10:29]} {[%emt 00:00:45]} Kxd6 {[%clk 00:04:25]} {[%emt 00:00:05]}
68. Kxe4 {[%clk 00:10:54]} {[%emt 00:00:05]} Ke7 {[%clk 00:04:51]} {[%emt
00:00:03]} 69. Ke5 {[%clk 00:11:20]} {[%emt 00:00:05]} Kf7 {[%clk 00:05:14]}
{[%emt 00:00:07]} 70. f6 {[%clk 00:11:47]} {[%emt 00:00:03]} Kf8 {[%clk
00:05:38]} {[%emt 00:00:05]} 71. Ke6 {[%clk 00:12:14]} {[%emt 00:00:03]} Ke8
{[%clk 00:06:04]} {[%emt 00:00:05]} 72. f7+ {[%clk 00:12:42]} {[%emt 00:00:02]}
Kf8 {[%clk 00:06:29]} {[%emt 00:00:06]} 73. Kf6 {[%clk 00:13:09]} {[%emt
00:00:02]} 1/2-1/2

[Event "DEM U18 2024"]
[Site "Willingen GER"]
[Date "2024.05.21"]
[Round "4"]
[White "Eilenberg, Jonas"]
[Black "Weidenhöfer, Max"]
[Result "1/2-1/2"]
[Termination "normal"]
[Board "7"]
[WhiteTitle "FM"]
[WhiteElo "2296"]
[BlackElo "2108"]
[WhiteClock "00:26:40"]
[BlackClock "00:34:45"]
[PlyCount "49"]
[WhiteFideId "16204271"]
[BlackFideId "16230566"]
[EventCountry "GER"]
[EventRounds "9"]
[EventType "swiss"]
[EventDate "2024.05.18"]

1. d4 {[%clk 01:30:56]} {[%emt 00:00:02]} Nf6 {[%clk 01:30:53]} {[%emt
00:00:08]} 2. c4 {[%clk 01:31:20]} {[%emt 00:00:06]} e6 {[%clk 01:31:18]}
{[%emt 00:00:05]} 3. Nc3 {[%clk 01:31:45]} {[%emt 00:00:04]} d5 {[%clk
01:31:42]} {[%emt 00:00:06]} 4. cxd5 {[%clk 01:32:02]} {[%emt 00:00:14]} exd5
{[%clk 01:32:05]} {[%emt 00:00:07]} 5. Bg5 {[%clk 01:32:25]} {[%emt 00:00:05]}
Be7 {[%clk 01:32:30]} {[%emt 00:00:06]} 6. e3 {[%clk 01:32:50]} {[%emt
00:00:05]} c6 {[%clk 01:32:55]} {[%emt 00:00:05]} 7. Bd3 {[%clk 01:33:16]}
{[%emt 00:00:04]} Nbd7 {[%clk 01:33:21]} {[%emt 00:00:05]} 8. Nge2 {[%clk
01:33:38]} {[%emt 00:00:08]} h6 {[%clk 01:33:37]} {[%emt 00:00:13]} 9. Bh4
{[%clk 01:34:03]} {[%emt 00:00:05]} Nh5 {[%clk 01:34:00]} {[%emt 00:00:07]} 10.
Bxe7 {[%clk 01:34:19]} {[%emt 00:00:14]} Qxe7 {[%clk 01:34:24]} {[%emt
00:00:06]} 11. O-O {[%clk 01:34:37]} {[%emt 00:00:13]} O-O {[%clk 01:34:43]}
{[%emt 00:00:11]} 12. Qd2 {[%clk 01:35:01]} {[%emt 00:00:06]} Re8 {[%clk
01:34:33]} {[%emt 00:00:40]} 13. Rab1 {[%clk 01:34:58]} {[%emt 00:00:32]} Nb6
{[%clk 01:26:38]} {[%emt 00:08:26]} 14. b4 {[%clk 01:25:54]} {[%emt 00:09:35]}
a6 {[%clk 01:25:54]} {[%emt 00:01:13]} 15. a4 {[%clk 01:24:24]} {[%emt
00:02:00]} Be6 {[%clk 01:13:12]} {[%emt 00:13:12]} 16. Kh1 {[%clk 01:10:08]}
{[%emt 00:14:46]} f5 {[%clk 01:05:58]} {[%emt 00:07:43]} 17. Ng1 {[%clk
01:02:28]} {[%emt 00:08:10]} Nf6 {[%clk 01:00:25]} {[%emt 00:06:03]} 18. f3
{[%clk 00:57:14]} {[%emt 00:05:44]} Rad8 {[%clk 00:56:56]} {[%emt 00:03:59]}
19. Rfe1 {[%clk 00:54:07]} {[%emt 00:03:37]} Nc4 {[%clk 00:53:34]} {[%emt
00:03:53]} 20. Bxc4 {[%clk 00:52:44]} {[%emt 00:01:53]} dxc4 {[%clk 00:54:02]}
{[%emt 00:00:01]} 21. a5 {[%clk 00:51:26]} {[%emt 00:01:49]} Nd5 {[%clk
00:44:41]} {[%emt 00:09:50]} 22. Nxd5 {[%clk 00:45:04]} {[%emt 00:06:52]} Bxd5
{[%clk 00:45:06]} {[%emt 00:00:06]} 23. Nh3 {[%clk 00:44:45]} {[%emt 00:00:48]}
b6 {[%clk 00:37:17]} {[%emt 00:08:19]} 24. Qc2 {[%clk 00:34:56]} {[%emt
00:10:19]} Qf6 {[%clk 00:34:45]} {[%emt 00:03:02]} 25. Nf2 {[%clk 00:26:40]}
{[%emt 00:08:47]} 1/2-1/2